01015cam a22002531 4500001001300000003000400013005001700017008004100034010001700075035001900092040005000111043001200161050001700173100005100190245011700241260006700358300004100425490008000466650004000546650004100586650006700627700005000694999001700744e 26000123 DLC20260227111217.0800114s1926 nyua s000 0 eng c ae 26000123  a(OCoLC)5870659 aU.S. Dept. of Education. LibrarycNGenoUdDLC an-us-ny00aLB1131b.C681 aCoxe, Warren W.q(Warren Winfred),d1886-1956.12aA study of pupil achievement and special class needs in Westbury, L.I.,cby Warren W. Coxe and Ethel L. Cornell. aAlbany,bThe University of the State of New York Press,c1926. a52 p.bincl. tables, diagrs.c23 cm.0 aUniversity of the State of New York bulletin ...vno. 839. November 1, 1925 0aEducational tests and measurements. 0aSchoolszNew York (State)zWestbury. 0aChildren with mental disabilitiesxEducationzNew York (State)1 aCornell, Ethel Letitia,d1892-ejoint author. c20810d20810